All Cities on the Baltic Sea Coast - Statistics

General Stats
  • This quiz has been taken 598 times
  • The average score is 27 of 366
Answers on the Map
Answers color-coded by a green-red scale on the quiz's map according to % correct below.
 
Answer Stats
Country City Population % Correct
Poland Hel 10,600
94%
Estonia Tallinn 426,538
93%
Latvia Riga 614,618
92%
Denmark Copenhagen 1,336,982
91%
Finland Helsinki 656,920
90%
Sweden Stockholm 1,766,106
90%
Russia Saint Petersburg 5,351,935
88%
Sweden Malmö 324,002
81%
Poland Gdańsk 470,805
80%
Russia Kaliningrad 475,056
74%
Sweden Vi 5,862
68%
Finland Turku 281,108
63%
Germany Kiel 246,601
61%
Finland Oulu 207,690
58%
Germany Rostock 209,061
51%
Finland Espoo 292,796
50%
Germany Lübeck 215,846
46%
Lithuania Klaipėda 154,332
45%
Poland Gdynia 244,969
43%
Sweden Visby 24,942
41%
Sweden Helsingborg 113,816
31%
Sweden Luleå 49,123
31%
Estonia Narva-Jõesuu 2,681
31%
Estonia Pärnu 39,605
30%
Sweden Kalmar 41,388
29%
Finland Mariehamn 14,838
27%
Germany Flensburg 89,934
26%
Latvia Liepāja 67,964
26%
Finland Vaasa 67,900
25%
Latvia Ventspils 33,372
24%
Latvia Jūrmala 50,248
23%
Russia Vyborg 77,400
23%
Sweden Norrköping 97,854
19%
Germany Stralsund 59,205
19%
Sweden Gävle 77,586
18%
Denmark Helsingør 47,483
18%
Poland Sopot 35,286
17%
Sweden Ystad 20,133
17%
Finland Kotka 49,947
16%
Denmark Rønne 13,796
16%
Sweden Sundsvall 58,807
16%
Sweden Karlskrona 36,904
15%
Germany Greifswald 59,282
13%
Finland Porvoo 39,078
13%
Finland Kemi 25,772
12%
Poland Kołobrzeg 46,198
12%
Estonia Kuressaare 13,276
12%
Germany Saal 1,411
12%
Poland Świnoujście 40,948
12%
Finland Tornio 16,596
12%
Germany Wismar 42,824
12%
Finland Hanko 7,197
11%
Finland Kokkola 37,135
11%
Denmark Kolding 61,222
11%
Lithuania Palanga 18,307
11%
Sweden Trelleborg 30,760
11%
Germany Born auf dem Darß 1,169
10%
Estonia Haapsalu 9,375
10%
Sweden Haparanda 6,554
10%
Sweden Piteå 23,181
10%
Sweden Nyköping 33,916
9%
Finland Rauma 33,423
9%
Sweden Karlshamn 20,283
8%
Sweden Norrtälje 21,917
8%
Sweden Oskarshamn 18,907
8%
Sweden Södertälje 75,773
8%
Poland Ustka 17,100
8%
Russia Baltiysk 33,317
7%
Finland Ekenäs 8,596
7%
Finland Hamina 15,240
7%
Sweden Kalix 8,393
7%
Denmark Køge 38,155
7%
Sweden Örnsköldsvik 33,346
7%
Poland Puck 11,350
7%
Finland Raahe 18,645
7%
Germany Sassnitz 9,191
7%
Estonia Sillamäe 13,666
7%
Denmark Aabenraa 16,410
6%
Finland Ingå 2,118
6%
Poland Jastarnia 4,033
6%
Finland Kalajoki 6,559
6%
Estonia Kärdla 3,160
6%
Sweden Landskrona 33,372
6%
Poland Łeba 3,601
6%
Finland Loviisa 6,919
6%
Denmark Middelfart 15,986
6%
Lithuania Nida 2,385
6%
Sweden Nynäshamn 15,108
6%
Estonia Paldiski 3,542
6%
Sweden Simrishamn 6,844
6%
Denmark Sønderborg 27,702
6%
Poland Władysławowo 15,015
6%
Sweden Åhus 10,412
5%
Poland Darlowo 14,931
5%
Germany Fehmarn 12,875
5%
Sweden Hudiksvall 16,570
5%
Finland Jakobstad 20,615
5%
Finland Kirkkonummi 20,353
5%
Poland Krynica Morska 1,364
5%
Poland Międzyzdroje 5,443
5%
Denmark Næstved 43,890
5%
Denmark Nexø 3,686
5%
Denmark Nyborg 17,415
5%
Denmark Nykøbing 16,890
5%
Finland Pargas 9,425
5%
Sweden Sölvesborg 8,828
5%
Finland Uusikaupunki 10,205
5%
Sweden Västervik 21,428
5%
Germany Binz 5,488
4%
Sweden Borgholm 4,374
4%
Sweden Härnösand 18,502
4%
Germany Heringsdorf 1,092 | 8,443
4%
Poland Jastrzębia Góra 1,068
4%
Sweden Lidingö 44,091
4%
Poland Mielno 3,174
4%
Germany Oldenburg in Holstein 9,851
4%
Sweden Söderhamn 12,213
4%
Russia Sosnovy Bor 68,013
4%
Denmark Svendborg 27,054
4%
Germany Timmendorfer Strand 8,679
4%
Estonia Vääna-Jõesuu 1,184
4%
Denmark Allinge-Sandvig 1,486
3%
Denmark Assens 6,060
3%
Finland Dalsbruk 1,062
3%
Denmark Dragør 12,349
3%
Poland Dziwnów 2,707
3%
Germany Eckernförde 21,637
3%
Denmark Faaborg 6,966
3%
Sweden Färjestaden 6,073
3%
Germany Grömitz 7,180
3%
Estonia Haabneeme 5,634
3%
Denmark Hasle 1,645
3%
Germany Heiligenhafen 9,186
3%
Denmark Hørsholm 47,869
3%
Finland Kaskinen 1,281
3%
Sweden Kil 1,017
3%
Denmark Korsør 14,516
3%
Finland Kristinestad 2,657
3%
Sweden Lomma 13,772
3%
Sweden Mörbylånga 1,802
3%
Denmark Nakskov 12,546
3%
Germany Neustadt in Holstein 15,154
3%
Sweden Östhammar 4,977
3%
Sweden Oxelösund 11,617
3%
Poland Pobierowo 1,084
3%
Russia Primorsk 1,971 | 5,682
3%
Finland Pyhäjoki 1,502
3%
Latvia Salacgrīva 2,579
3%
Poland Stegna 2,337
3%
Denmark Svaneke 1,102
3%
Russia Svetlogorsk 13,663
3%
Sweden Timrå 10,494
3%
Sweden Trosa 7,089
3%
Russia Zelenogradsk 15,644
3%
Germany Bad Doberan 12,755
2%
Germany Barth 8,609
2%
Sweden Bjärred 9,916
2%
Germany Dahme 1,191
2%
Latvia Engure 1,572
2%
Sweden Gamleby 2,826
2%
Finland Godby 1,341
2%
Sweden Gustavsberg 24,330
2%
Sweden Höllviken 15,640
2%
Sweden Holmsund 6,046
2%
Denmark Humlebæk 9,728
2%
Poland Jantar 1,008
2%
Germany Kappeln 8,609
2%
Sweden Klintehamn 1,541
2%
Sweden Kramfors 6,881
2%
Germany Kühlungsborn 7,930
2%
Germany Laboe 5,150
2%
Finland Malax 2,984
2%
Russia Mamonovo 7,953
2%
Latvia Mērsrags 1,986
2%
Sweden Mönsterås 5,165
2%
Poland Mrzeżyno 1,611
2%
Estonia Muraste 1,860
2%
Denmark Nivå 7,991
2%
Germany Putbus 4,487
2%
Sweden Råneå 2,034
2%
Germany Ribnitz-Damgarten 15,269
2%
Denmark Rødbyhavn 1,586
2%
Latvia Roja 2,112
2%
Sweden Saltsjöbaden 9,463
2%
Germany Scharbeutz 11,552
2%
Germany Sellin 2,653
2%
Sweden Skutskär 7,259
2%
Sweden Slite 1,502
2%
Russia Svetly 21,928
2%
Poland Sztutowo 2,988
2%
Estonia Tabasalu 3,696
2%
Poland Ustronie Morskie 2,241
2%
Estonia Aseri 1,439
1%
Sweden Beddingestrand 1,520
1%
Russia Bolshaya Izhora 2,851
1%
Germany Boltenhagen 2,470
1%
Sweden Bunkeflostrand 14,744
1%
Sweden Bureå 2,546
1%
Poland Chłapowo 1,264
1%
Germany Damp 1,488
1%
Germany Dierhagen 1,598
1%
Germany Dranske 1,149
1%
Sweden Fisksätra 7,943
1%
Germany Garz 2,215
1%
Germany Gelting 2,120
1%
Germany Glücksburg 6,220
1%
Germany Göhren 1,315
1%
Germany Graal-Müritz 4,080
1%
Denmark Gråsten 4,228
1%
Germany Großenbrode 2,196
1%
Poland Grzybowo 1,347
1%
Sweden Hallstavik 4,784
1%
Germany Harrislee 11,770
1%
Germany Heikendorf 8,451
1%
Finland Himanka 1,672
1%
Sweden Husum 1,522
1%
Sweden Iggesund 3,437
1%
Sweden Kåge 2,275
1%
Germany Karlshagen 3,219
1%
Germany Kellenhusen 1,156
1%
Germany Koserow 1,703
1%
Sweden Krokek 5,139
1%
Russia Ladushkin 3,108
1%
Russia Lebyazhye 4,332
1%
Sweden Ljunghusen 2,555
1%
Germany Lubmin 2,108
1%
Denmark Nysted 1,313
1%
Finland Oravais 1,181
1%
Sweden Öregrund 1,597
1%
Germany Poel 2,456
1%
Finland Pohja 1,946
1%
Denmark Præstø 3,834
1%
Germany Prerow 1,486
1%
Estonia Püünsi 1,234
1%
Estonia Randvere 1,397
1%
Germany Rerik 2,169
1%
Denmark Rudkøbing 4,530
1%
Sweden Rydebäck 6,480
1%
Estonia Salme 1,195
1%
Germany Schönberg 6,347
1%
Germany Sierksdorf 1,608
1%
Denmark Skælskør 6,440
1%
Sweden Skelleftehamn 3,213
1%
Denmark Skodsborg 1,244
1%
Sweden Smygehamn 1,287
1%
Finland Söderkulla 9,428
1%
Denmark Solrød Strand 17,002
1%
Denmark Søvang 1,784
1%
Sweden Stavsnäs 1,871
1%
Denmark Stege 3,802
1%
Germany Strande 1,515
1%
Denmark Stubbekøbing 2,230
1%
Sweden Sturkö 1,366
1%
Denmark Sundby 3,040
1%
Estonia Suurupi 1,180
1%
Sweden Töre 1,000
1%
Poland Unieście 1,000
1%
Estonia Uuemõisa 1,069
1%
Sweden Valdemarsvik 2,747
1%
Sweden Vibble 1,802
1%
Finland Virojoki 1,136
1%
Russia Vysotsk 1,115
1%
Germany Wiek 1,061
1%
Germany Wustrow 1,049
1%
Germany Zingst 3,154
1%
Germany Zinnowitz 4,158
1%
Sweden Älmsta 1,532
0%
Germany Altefähr 1,275
0%
Germany Altenpleen 1,000
0%
Sweden Ankarsvik 1,009
0%
Sweden Arnö 4,804
0%
Denmark Augustenborg 3,202
0%
Germany Barkelsby 1,561
0%
Germany Bastorf 1,078
0%
Sweden Bergkvara 1,221
0%
Sweden Bergnäset 3,761
0%
Germany Blekendorf 1,694
0%
Germany Blowatz 1,144
0%
Sweden Bollstabruk 1,812
0%
Sweden Bönan 1,030
0%
Germany Börgerende-Rethwisch 1,711
0%
Finland Bosund 1,039
0%
Sweden Byske 1,741
0%
Sweden Dalarö 1,912
0%
Sweden Djurö 1,521
0%
Denmark Egernsund 1,471
0%
Germany Elmenhorst/Lichtenhagen 4,270
0%
Denmark Faxe Ladeplads 2,874
0%
Germany Gingst 1,227
0%
Poland Gnieżdżewo 1,113
0%
Germany Gremersdorf 1,512
0%
Germany Grube 1,053
0%
Sweden Gunnebo 1,013
0%
Sweden Hällevik 1,523
0%
Sweden Hasslö 1,678
0%
Finland Hepola 1,710
0%
Germany Hohenfelde 1,016
0%
Germany Hohenkirchen 1,271
0%
Sweden Hörnefors 2,517
0%
Denmark Høruphav 2,641
0%
Finland Järvensuu 1,152
0%
Germany Kalkhorst 1,793
0%
Sweden Karlholmsbruk 1,263
0%
Denmark Karrebæksminde 1,790
0%
Germany Kemnitz 1,150
0%
Germany Klütz 3,082
0%
Denmark Kollund 1,006
0%
Sweden Köpmanholmen 1,179
0%
Sweden Kopparmora 2,302
0%
Germany Kramerhof 1,894
0%
Germany Kröslin 1,756
0%
Sweden Kvissleby 5,145
0%
Germany Langballig 1,590
0%
Sweden Långvik 1,246
0%
Sweden Lindö 5,198
0%
Sweden Listerby 1,023
0%
Sweden Ljusne 1,991
0%
Germany Mesekenhagen 1,070
0%
Germany Mönchgut 1,369
0%
Germany Mönkeberg 4,147
0%
Germany Munkbrarup 1,171
0%
Sweden Nättraby 3,298
0%
Germany Neuenkirchen 2,391
0%
Germany Neukirchen 1,179
0%
Finland Neuvoton 1,264
0%
Germany Nienhagen 2,140
0%
Germany Niepars 2,492
0%
Sweden Norrsundet 1,003
0%
Sweden Nybrostrand 1,311
0%
Denmark Nyråd 2,472
0%
Sweden Obbola 2,186
0%
Germany Panker 1,408
0%
Sweden Påskallavik 1,069
0%
Sweden Pershagen 2,190
0%
Russia Pionersky 11,312
0%
Germany Prohn 2,166
0%
Denmark Rantzausminde 1,964
0%
Finland Risö 3,137
0%
Denmark Rødvig 1,874
0%
Sweden Rosvik 1,868
0%
Germany Sagard 2,398
0%
Denmark Sakskøbing 4,549
0%
Sweden Sandarne 1,901
0%
Germany Schashagen 2,083
0%
Germany Schwedeneck 2,836
0%
Finland Siltakylä 2,861
0%
Denmark Skærbæk 2,151
0%
Sweden Söråker 2,414
0%
Germany Steinbergkirche 2,712
0%
Sweden Stockvik 2,493
0%
Denmark Strøby Egede 4,578
0%
Sweden Strömma 2,622
0%
Germany Sundhagen 5,232
0%
Denmark Svenstrup 1,906
0%
Denmark Thurø 3,266
0%
Sweden Timmernabben 1,383
0%
Denmark Troense 1,221
0%
Germany Ückeritz 1,009
0%
Sweden Valje 1,069
0%
Denmark Vindeby 2,333
0%
Denmark Voldingborg 11,973
0%
Russia Vzmorye 1,883
0%
Germany Waabs 1,424
0%
Germany Wangels 2,176
0%
No matching quizzes found
Score Distribution
Percent of People with Each Score
Percentile by Number Answered
Your Score History
You have not taken this quiz